000 00695nam a2200241 i 4500
001 C2-0168742
003 PPAK
005 20180728091306.0
008 980719s1994 my a|||| ||||| | eng d
020 _a9839987917
040 _aPPAK
_beng
_cPPAK
_erda
082 0 4 _a915.9522
_2 23
090 0 0 _a915.9522
_bTSE
_dR
100 1 _aTsen, Darrell,
_eauthor
245 1 0 _aTowns of Sarawak 1994
264 1 _aKuching, Sarawak :
_bMinistry of Environment and Tourism, Sarawak ,
_c1994
300 _a133 pages :
_bcolour illustrations ;
_c30 cm
336 _2rdacontent
_atext
337 _2rdamedia
_aunmediated
338 _2rdacarrier
_avolume
650 1 0 _aTowns - Sarawak
942 _ddc
_cB
999 _c152868
_d152868